Music Quiz

Random Music or The Beatles Quiz
Score 0/17 Timer 03:00
0 Plays Today
% Correct
Come Together
92.2%
Sun King
91.8%
Maxwell's Silver Hammer
91.3%
Here Comes The Sun
90.6%
Something
89.7%
I Want You (She's So Heavy)
89.5%
Mean Mr. Mustard
89.2%
Because
85.6%
Oh! Darling
85.1%
% Correct
Octopus's Garden
83.8%
Polythene Pam
83.5%
Her Majesty
81.2%
Golden Slumbers
77.8%
You Never Give Me Your Money
77.4%
She Came In Through The Bathroom Window
76.9%
The End
68%
Carry That Weight
60.2%
Remove Ads.
Support Sporcle.
Get the best of Sporcle when you Go Orange. This ad-free experience offers more features, more stats, and more fun while also helping to support Sporcle. Thank you for becoming a member.

You're not logged in!

Compare scores with friends on all Sporcle quizzes.
OR
Log In

Show Comments

Extras

Top Quizzes Today


Score Distribution

Your Account Isn't Verified!

In order to create a playlist on Sporcle, you need to verify the email address you used during registration. Go to your Sporcle Settings to finish the process.

Report this User

Report this user for behavior that violates our Community Guidelines.

Details: